Cartas del señor Galileo Galilei, académico linceo, escritas a Benedetto Castelli y a la señora Cristina de Lorena Gran Duquesa de Toscana
Sparad:
| Huvudupphovsman: | |
|---|---|
| Materialtyp: | Bok |
| Språk: | spanska |
| Publicerad: |
Madrid
Alhambra
1986
|
| Upplaga: | 1a. ed |
| Serie: | Clásicos del Pensamiento, 11
|
| Ämnen: | |
| Taggar: |
Lägg till en tagg
Inga taggar, Lägg till första taggen!
|
MARC
| LEADER | 00000nam a2200000 a 4500 | ||
|---|---|---|---|
| 001 | UCH2959 | ||
| 003 | CL-VaPUC | ||
| 008 | 090709e19860000SP |||||||||||||||||spa|d | ||
| 020 | |a 8420513075 | ||
| 082 | 0 | 4 | |a 530.01 |b GAL |2 21 |
| 100 | |a Galilei, Galileo |e author |9 264973 | ||
| 245 | 1 | 0 | |a Cartas del señor Galileo Galilei, académico linceo, escritas a Benedetto Castelli y a la señora Cristina de Lorena Gran Duquesa de Toscana |
| 250 | |a 1a. ed | ||
| 300 | |a 96 p | ||
| 942 | |c BK | ||
| 945 | |d 20090709 00:00:00 |a rbrito | ||
| 260 | |a Madrid |b Alhambra |c 1986 | ||
| 600 | 0 | 7 | |a CASTELLI, BENEDETTO |2 CL-VaPUC |9 538041 |
| 600 | 0 | 7 | |a LORENA, CRISTINA DE |2 CL-VaPUC |9 538042 |
| 650 | 0 | |a Astronomía |9 260985 | |
| 650 | 7 | |a TEORIA DE LA FISICA |2 CL-VaPUC |9 538043 | |
| 650 | 7 | |a CORRESPONDENCIAS |2 CL-VaPUC |9 256500 | |
| 583 | |a last modification |c 20090709 00:00:00 |k Rodrigo Vera | ||
| 490 | 0 | |a Clásicos del Pensamiento, 11 | |
| 999 | |c 334618 |d 334616 | ||
| 952 | |0 0 |1 0 |4 0 |6 530_010000000000000_GAL_1986 |7 0 |8 A |9 423730 |a BIBCUR |b BIBCUR |d 2019-11-22 |i 4528778 |l 1 |o 530.01 GAL 1986 |p 4528778 |r 2025-04-22 |s 2024-04-30 |w 2019-11-22 |y BK |k FIS | ||